000 00503nam a2200193 a 4500
001 10029
003 CO-ViMGA
008 141112s2004 ck r 000 u spa d
020 _a9586481069
040 _aCO-ViMGA
_bspa
_cCO-ViMGA
082 0 4 _aCo866.6 M67c
100 1 _aMorales S ; Amparo,
_912541
245 1 0 _aCartas que debieron llegar
260 _aSantafé de Bogotá :
_bEcoe ediciones,
_c1995
300 _a96p.
650 1 4 _aCARTAS
_912542
650 1 4 _aCOLOMBIANAS
_912543
942 _2ddc
_cBK
999 _c21405
_d21405